000 00874nam1a22002291i 4500
001 v19\rc\1769490
005 20260406210523.0
035 _a(NLR Aleph) 004867486
090 _a5069737
_c5069737
100 _a20061204d1903 |||y0rusy50 ca
101 0 _arus
102 _aRU
105 _ay z |||||
200 1 _aОтчет Тверского Владимирского братства во имя св. великомученика Димитрия, солунского чудотворца...
210 _aТверь
_d1903
215 _a1 т.
710 0 2 _aТверское Владимирское братство во имя св. Димитрия, солунского чудотворца
_3RU\NLR\AUTH\889967406
_9431148
801 0 _aRU
_bNLR
_gpsbo
801 0 _aRU
_bRuMoRGB
_2psbo
801 1 _aRU
_bProSoft-M
_2rusmarc
852 _aNLR
_j20.108.7.30
942 _cBOOK